|
|
|
|
| LEADER |
00000nam0a2200000 4500 |
| 001 |
134943 |
| 005 |
20231101220523.0 |
| 035 |
|
|
|a (RuTPU)RU\TPU\book\146256
|
| 090 |
|
|
|a 134943
|
| 100 |
|
|
|a 20080405d1991 km y0rusy50 ca
|
| 101 |
0 |
|
|a rus
|
| 102 |
|
|
|a RU
|
| 105 |
|
|
|a y z 100zy
|
| 200 |
1 |
|
|a Микропроцессорные комплексы для управления технологическими процессами
|e тезисы докладов к конференциям и совещаниям, сентябрь 1991 г. г. Грозный
|f Центральное правление научно-технического общества приборостроительной промышленности им. С. И. Вавилова; под ред. Н. С. Идрисовой
|
| 210 |
|
|
|a Грозный
|c Промавтоматика
|d 1991
|
| 215 |
|
|
|a 110 с.
|
| 610 |
1 |
|
|a микропроцессорные комплекты
|
| 610 |
1 |
|
|a технологические процессы
|
| 610 |
1 |
|
|a управление
|
| 610 |
1 |
|
|a техническое обеспечение
|
| 610 |
1 |
|
|a применение
|
| 610 |
1 |
|
|a конференции
|
| 675 |
|
|
|a 681.325.5(063)
|v 3
|
| 702 |
|
1 |
|a Идрисова
|b Н. С.
|4 340
|
| 712 |
0 |
2 |
|a Центральное правление научно-технического общества приборостроительной промышленности им. С. И. Вавилова
|2 stltpush
|3 (RuTPU)RU\TPU\col\13488
|9 25691
|
| 712 |
0 |
2 |
|a Микропроцессорные комплексы для управления технологическими процессами
|b тезисы докладов
|d 3
|e Грозный
|f 1991
|
| 801 |
|
1 |
|a RU
|b 63413507
|c 20080405
|g PSBO
|
| 801 |
|
2 |
|a RU
|b 63413507
|c 20090116
|g PSBO
|
| 942 |
|
|
|c BK
|